[Event "Mittelfranken-ch HT 60th"]
[Site "Buechenbach/Roth"]
[Date "2011.04.19"]
[Round "1"]
[White "Miller, Eduard"]
[Black "Alt, Norbert"]
[Result "1-0"]
[WhiteElo "2145"]
[BlackElo "1885"]
[PlyCount "51"]
[EventDate "2011.04.19"]
[EventType "swiss"]
[EventRounds "9"]
[EventCountry "GER"]
[SourceTitle "CBM 142 Extra"]
[Source "ChessBase"]
[SourceDate "2011.06.27"]
[SourceVersion "1"]
[SourceVersionDate "2011.06.27"]
[SourceQuality "1"]

1. d4 d5 2. c4 Nc6 3. Nc3 dxc4 4. Nf3 a6 5. e4 b5 6. a4 b4 7. Na2 Nf6 8. Bxc4 Nxe4 9. Qc2 Nf6 10. Bxf7+ Kxf7 11. Qxc6 Qd5 12. Nxb4 Qxc6 13. Nxc6 e6 14. Bd2 Bd6 15. Nfe5+ Bxe5 16. Nxe5+ Ke8 17. Rc1 Nd5 18. Ba5 Rb8 19. Bxc7 Rxb2 20. Bd6 Bd7 21. 0-0 h5 22. Rb1 Rc2 23. Rb8+ Rc8 24. Rxc8+ Bxc8 25. Rc1 Ne7 26. Rc7 1-0

[Event "Mittelfranken-ch HT 55th"]
[Site "Postbauer"]
[Date "2006.04.13"]
[Round "5.10"]
[White "Alt, Norbert"]
[Black "Luther, Helmut"]
[Result "1/2-1/2"]
[WhiteElo "1866"]
[BlackElo "1909"]
[PlyCount "70"]
[EventDate "2006.04.11"]
[EventType "swiss"]
[EventRounds "9"]
[EventCountry "GER"]
[SourceTitle "EXT 2011"]
[Source "ChessBase"]
[SourceDate "2010.11.26"]
[SourceVersion "1"]
[SourceVersionDate "2010.11.26"]
[SourceQuality "1"]

1. Nf3 Nf6 2. d4 g6 3. Bf4 Bg7 4. e3 d6 5. h3 c5 6. c3 0-0 7. Be2 Nbd7 8. 0-0 b6 9. Nbd2 Bb7 10. Re1 Re8 11. Bh2 e5 12. dxe5 dxe5 13. Nc4 e4 14. Nfe5 Nxe5 15. Nxe5 Nd5 16. Nc4 Qe7 17. Nd6 Red8 18. Nxb7 Nxc3 19. Qxd8+ Rxd8 20. Nxd8 Nxe2+ 21. Rxe2 Qxd8 22. Rb1 h5 23. Ree1 Qd2 24. Red1 Qc2 25. Rdc1 Qa4 26. a3 Qb3 27. Rd1 c4 28. Bd6 b5 29. Bc5 a5 30. Bd4 b4 31. axb4 axb4 32. Bxg7 Kxg7 33. Kf1 Qa2 34. Rdc1 Kf6 35. Kg1 Kg7 1/2-1/2